UBT Library

DSM-IV-TR case studies : (Record no. 47872)

000 -LEADER
fixed length control field 00933cam a22002774a 4500
001 - CONTROL NUMBER
control field 12440488
005 - DATE AND TIME OF LATEST TRANSACTION
control field 20180918035037.0
008 - FIXED-LENGTH DATA ELEMENTS--GENERAL INFORMATION
fixed length control field 010613s2001 dcua 001 0 eng
010 ## - LIBRARY OF CONGRESS CONTROL NUMBER
LC control number 2001041368
020 ## - INTERNATIONAL STANDARD BOOK NUMBER
International Standard Book Number 1585620556 (alk. paper)
020 ## - INTERNATIONAL STANDARD BOOK NUMBER
International Standard Book Number 1585620491 (casebound)
035 ## - SYSTEM CONTROL NUMBER
System control number (DNLM)101120552
040 ## - CATALOGING SOURCE
Original cataloging agency DNLM/DLC
Transcribing agency DLC
Modifying agency DLC
041 ## - LANGUAGE CODE
Language code of text/sound track or separate title eng
042 ## - AUTHENTICATION CODE
Authentication code pcc
060 10 - NATIONAL LIBRARY OF MEDICINE CALL NUMBER
Classification number WM 40
Item number F815d 2001
080 ## - UNIVERSAL DECIMAL CLASSIFICATION NUMBER
Universal Decimal Classification number 616.89075 FRA
082 00 - DEWEY DECIMAL CLASSIFICATION NUMBER
Classification number 616.89075 FRA
Edition number 21
100 1# - Rafti
Rafti 3
101 ## - Shkurtesa
Shkurtesa SHM
245 10 - TITLE STATEMENT
Title DSM-IV-TR case studies :
Statement of responsibility, etc Allen Frances, Ruth Ross.
906 ## - LOCAL DATA ELEMENT F, LDF (RLIN)
a 7
b cbc
c orignew
d 1
e ocip
f 20
g y-gencatlg
942 ## - ADDED ENTRY ELEMENTS (KOHA)
Source of classification or shelving scheme
Item type Books
Holdings
Withdrawn status Lost status Source of classification or shelving scheme Damaged status Not for loan Collection code Permanent location Current location Shelving location Date acquired Total Checkouts Full call number Barcode Date last seen Price effective from Koha item type
          Koleksioni i përgjithshem UBT - Lipjan UBT - Lipjan Koleksioni i përgjithshem 09/18/2018   616.89075 FRA 002-3012997 09/18/2018 09/18/2018 Books
UBT Library © 2015-2024. All rights reserved University Education for Business and Technology